Score 0/13 Timer 07:00
0 Plays Today
% Correct
Morocco
95%
Algeria
95%
Egypt
93.6%
Libya
89.9%
Sudan
89.9%
Tunisia
87.2%
Niger
87.2%
Chad
83.9%
Mali
82.6%
Western Sahara
76.6%
Mauritania
69.7%
Eritrea
68.3%
Djibouti
63.8%
Remove Ads.
Support Sporcle.
Get the best of Sporcle when you Go Orange. This ad-free experience offers more features, more stats, and more fun while also helping to support Sporcle. Thank you for becoming a member.

You're not logged in!

Compare scores with friends on all Sporcle quizzes.
OR
Log In

Show Comments

Extras

Top Quizzes Today


Score Distribution

Your Account Isn't Verified!

In order to create a playlist on Sporcle, you need to verify the email address you used during registration. Go to your Sporcle Settings to finish the process.

Report this User

Report this user for behavior that violates our Community Guidelines.

Details: